| 000 | 00780cam a22002894a 4500 | ||
|---|---|---|---|
| 001 | 14399378 | ||
| 003 | OSt | ||
| 005 | 20230703155546.0 | ||
| 008 | 060605s1991 za f000 0 eng | ||
| 010 | _a 2006306081 | ||
| 040 |
_aDLC _cDLC |
||
| 042 | _alcode | ||
| 043 | _af-za--- | ||
| 082 |
_a342.689 _bZAM |
||
| 110 | 1 | _aZambia. | |
| 240 | 1 | 0 | _aThe Constitution of Zambia |
| 245 | 1 | 4 | _aThe Constitution of Zambia |
| 260 |
_a[Lusaka : _bNational Assembly _c1996 |
||
| 300 |
_a91 leaves ; _c28 cm. |
||
| 500 | _a"N.A.B. 1, 1991." | ||
| 500 | _a"7th June, 1991." | ||
| 650 | 0 |
_aConstitutional law _zZambia. |
|
| 650 | 0 |
_aConstitutional history _zZambia _vSources. |
|
| 906 |
_a7 _bcbc _corigode _d3 _encip _f20 _gy-gencatlg |
||
| 942 |
_2ddc _cBK |
||
| 999 |
_c3477 _d3477 |
||